| 000 | 01537cam a2200445 i 4500 | ||
|---|---|---|---|
| 999 |
_c108 _d108 |
||
| 001 | 18844374 | ||
| 003 | OSt | ||
| 005 | 20190726094131.0 | ||
| 008 | 151104t20151980mau 000 1 eng d | ||
| 010 | _a 2015295803 | ||
| 020 | _a9780544484085 (pbk.) | ||
| 020 | _a0544484088 (pbk.) | ||
| 035 | _a(OCoLC)ocn885225577 | ||
| 040 |
_aYDXCP _beng _cYDXCP _erda _dBTCTA |
||
| 042 | _alccopycat | ||
| 043 | _ae-uk--- | ||
| 082 | 0 | 0 |
_aFIC FIT _223 |
| 100 | 1 |
_aFitzgerald, Penelope, _eauthor. |
|
| 245 | 1 | 0 |
_aHuman voices / _cPenelope Fitzgerald ; introduction by Mark Damazer. |
| 250 | _aSecond Mariner books edition. | ||
| 264 | 1 |
_aBoston : _bMariner Books, _c2015. |
|
| 264 | 4 | _c©1980 | |
| 300 |
_axv, 200 pages ; _c21 cm |
||
| 336 |
_atext _btxt _2rdacontent |
||
| 337 |
_aunmediated _bn _2rdamedia |
||
| 338 |
_avolume _bnc _2rdacarrier |
||
| 610 | 2 | 0 |
_aBritish Broadcasting Corporation _vFiction. |
| 610 | 2 | 7 |
_aBritish Broadcasting Corporation. _2fast _0(OCoLC)fst00534503 |
| 611 | 2 | 7 |
_aWorld War (1939-1945) _2fast _0(OCoLC)fst01180924 |
| 648 | 7 |
_a1939 - 1945 _2fast |
|
| 650 | 0 |
_aWorld War, 1939-1945 _zGreat Britain _vFiction. |
|
| 651 | 7 |
_aGreat Britain. _2fast _0(OCoLC)fst01204623 |
|
| 655 | 7 |
_aFiction. _2fast _0(OCoLC)fst01423787 |
|
| 655 | 7 |
_aHistorical fiction. _2gsafd |
|
| 700 | 1 |
_aDamazer, Mark, _ewriter of introduction. |
|
| 700 | 1 |
_aMorstad, Julie _eCover illustrator |
|
| 906 |
_a7 _bcbc _ccopycat _d2 _encip _f20 _gy-gencatlg |
||
| 942 |
_2ddc _cFIC |
||